<?xml version="1.0" encoding="UTF-8"?>
<record
    xmlns:xsi="http://www.w3.org/2001/XMLSchema-instance"
    xsi:schemaLocation="http://www.loc.gov/MARC21/slim http://www.loc.gov/standards/marcxml/schema/MARC21slim.xsd"
    xmlns="http://www.loc.gov/MARC21/slim">

  <leader>02363mam a22003614a 4500</leader>
  <datafield tag="999" ind1=" " ind2=" ">
    <subfield code="c">25</subfield>
    <subfield code="d">25</subfield>
  </datafield>
  <controlfield tag="001">3078764</controlfield>
  <controlfield tag="003">Nust</controlfield>
  <controlfield tag="005">20170105095814.0</controlfield>
  <controlfield tag="008">010313s2002    nyua     b    001 0 eng  </controlfield>
  <datafield tag="010" ind1=" " ind2=" ">
    <subfield code="a">  2001030662</subfield>
  </datafield>
  <datafield tag="020" ind1=" " ind2=" ">
    <subfield code="a">0072429216 (alk. paper)</subfield>
  </datafield>
  <datafield tag="035" ind1=" " ind2=" ">
    <subfield code="a">(OCoLC)46729385</subfield>
  </datafield>
  <datafield tag="035" ind1=" " ind2=" ">
    <subfield code="a">(OCoLC)ocm46729385</subfield>
  </datafield>
  <datafield tag="035" ind1=" " ind2=" ">
    <subfield code="a">(NNC)3078764</subfield>
  </datafield>
  <datafield tag="040" ind1=" " ind2=" ">
    <subfield code="a">DLC</subfield>
    <subfield code="c">DLC</subfield>
    <subfield code="d">DLC</subfield>
    <subfield code="d">NNC</subfield>
    <subfield code="d">OrLoB-B</subfield>
  </datafield>
  <datafield tag="042" ind1=" " ind2=" ">
    <subfield code="a">pcc</subfield>
  </datafield>
  <datafield tag="050" ind1="0" ind2="0">
    <subfield code="a">HC79.E5</subfield>
    <subfield code="b">F47 2002</subfield>
  </datafield>
  <datafield tag="082" ind1="0" ind2="0">
    <subfield code="a">333.7</subfield>
    <subfield code="2">21</subfield>
  </datafield>
  <datafield tag="100" ind1="1" ind2=" ">
    <subfield code="a">Field, Barry C.</subfield>
  </datafield>
  <datafield tag="245" ind1="1" ind2="0">
    <subfield code="a">Environmental economics :</subfield>
    <subfield code="b">an introduction /</subfield>
    <subfield code="c">Barry C. Field, Martha K. Field.</subfield>
  </datafield>
  <datafield tag="250" ind1=" " ind2=" ">
    <subfield code="a">3rd ed.</subfield>
  </datafield>
  <datafield tag="260" ind1=" " ind2=" ">
    <subfield code="a">New York, N.Y. :</subfield>
    <subfield code="b">McGraw-Hill/Irwin,</subfield>
    <subfield code="c">c2002.</subfield>
  </datafield>
  <datafield tag="300" ind1=" " ind2=" ">
    <subfield code="a">xviii, 510 p. :</subfield>
    <subfield code="b">ill. ;</subfield>
    <subfield code="c">24 cm.</subfield>
  </datafield>
  <datafield tag="504" ind1=" " ind2=" ">
    <subfield code="a">Includes bibliographical references and indexes.</subfield>
  </datafield>
  <datafield tag="505" ind1="0" ind2="0">
    <subfield code="g">Sect. 1.</subfield>
    <subfield code="t">Introduction -- </subfield>
    <subfield code="g">1.</subfield>
    <subfield code="t">What Is Environmental Economics? -- </subfield>
    <subfield code="g">2.</subfield>
    <subfield code="t">The Economy and the Environment -- </subfield>
    <subfield code="g">Sect. 2.</subfield>
    <subfield code="t">Analytical Tools -- </subfield>
    <subfield code="g">3.</subfield>
    <subfield code="t">Benefits and Costs, Supply and Demand -- </subfield>
    <subfield code="g">4.</subfield>
    <subfield code="t">Economic Efficiency and Markets -- </subfield>
    <subfield code="g">5.</subfield>
    <subfield code="t">The Economics of Environmental Quality -- </subfield>
    <subfield code="g">Sect. 3.</subfield>
    <subfield code="t">Environmental Analysis -- </subfield>
    <subfield code="g">6.</subfield>
    <subfield code="t">Frameworks of Analysis -- </subfield>
    <subfield code="g">7.</subfield>
    <subfield code="t">Benefit-Cost Analysis: Benefits -- </subfield>
    <subfield code="g">8.</subfield>
    <subfield code="t">Benefit-Cost Analysis: Costs -- </subfield>
    <subfield code="g">Sect. 4.</subfield>
    <subfield code="t">Environmental Policy Analysis -- </subfield>
    <subfield code="g">9.</subfield>
    <subfield code="t">Criteria for Evaluating Environmental Policies -- </subfield>
    <subfield code="g">10.</subfield>
    <subfield code="t">Decentralized Policies: Liability Laws, Property Rights, Voluntary Action -- </subfield>
    <subfield code="g">11.</subfield>
    <subfield code="t">Command-and-Control Strategies: The Case of Standards -- </subfield>
    <subfield code="g">12.</subfield>
    <subfield code="t">Incentive-Based Strategies: Emission Charges and Subsidies -- </subfield>
    <subfield code="g">13.</subfield>
    <subfield code="t">Incentive-Based Strategies: Transferable Discharge Permits -- </subfield>
    <subfield code="g">Sect. 5.</subfield>
    <subfield code="t">Environmental Policy in the United States -- </subfield>
    <subfield code="g">14.</subfield>
    <subfield code="t">Federal Water Pollution-Control Policy -- </subfield>
    <subfield code="g">15.</subfield>
    <subfield code="t">Federal Air Pollution-Control Policy -- </subfield>
    <subfield code="g">16.</subfield>
    <subfield code="t">Federal Policy on Toxic and Hazardous Substances -- </subfield>
    <subfield code="g">17.</subfield>
    <subfield code="t">State and Local Environmental Issues -- </subfield>
    <subfield code="g">Sect. 6.</subfield>
    <subfield code="t">International Environmental Issues -- </subfield>
    <subfield code="g">18.</subfield>
    <subfield code="t">Environmental Issues in Other Industrialized Countries -- </subfield>
    <subfield code="g">19.</subfield>
    <subfield code="t">Economic Development and the Environment -- </subfield>
    <subfield code="g">20.</subfield>
    <subfield code="t">The Global Environment -- </subfield>
    <subfield code="g">21.</subfield>
    <subfield code="t">International Environmental Agreements.</subfield>
  </datafield>
  <datafield tag="650" ind1=" " ind2="0">
    <subfield code="a">Environmental economics.</subfield>
  </datafield>
  <datafield tag="650" ind1=" " ind2="0">
    <subfield code="a">Economic development</subfield>
    <subfield code="x">Environmental aspects.</subfield>
  </datafield>
  <datafield tag="650" ind1="1" ind2="2">
    <subfield code="a">Economics.</subfield>
  </datafield>
  <datafield tag="650" ind1="2" ind2="2">
    <subfield code="a">Environment.</subfield>
  </datafield>
  <datafield tag="700" ind1="1" ind2=" ">
    <subfield code="a">Field, Martha K.</subfield>
  </datafield>
  <datafield tag="900" ind1=" " ind2=" ">
    <subfield code="b">TOC</subfield>
  </datafield>
  <datafield tag="942" ind1=" " ind2=" ">
    <subfield code="2">ddc</subfield>
    <subfield code="c">BK</subfield>
  </datafield>
  <datafield tag="952" ind1=" " ind2=" ">
    <subfield code="0">0</subfield>
    <subfield code="1">0</subfield>
    <subfield code="2">ddc</subfield>
    <subfield code="4">0</subfield>
    <subfield code="7">0</subfield>
    <subfield code="8">NFIC</subfield>
    <subfield code="a">CL</subfield>
    <subfield code="b">CL</subfield>
    <subfield code="c">GEN</subfield>
    <subfield code="d">2016-12-05</subfield>
    <subfield code="l">0</subfield>
    <subfield code="o">333.7 FIE</subfield>
    <subfield code="p">IESE-1553</subfield>
    <subfield code="r">2016-12-05</subfield>
    <subfield code="w">2016-12-05</subfield>
    <subfield code="y">BK</subfield>
  </datafield>
  <datafield tag="952" ind1=" " ind2=" ">
    <subfield code="0">0</subfield>
    <subfield code="1">0</subfield>
    <subfield code="2">ddc</subfield>
    <subfield code="4">0</subfield>
    <subfield code="7">0</subfield>
    <subfield code="8">NFIC</subfield>
    <subfield code="a">IESE</subfield>
    <subfield code="b">IESE</subfield>
    <subfield code="c">GEN</subfield>
    <subfield code="d">2016-12-05</subfield>
    <subfield code="l">0</subfield>
    <subfield code="o">333.7 FIE</subfield>
    <subfield code="p">IESE-1554</subfield>
    <subfield code="r">2016-12-05</subfield>
    <subfield code="w">2016-12-05</subfield>
    <subfield code="y">BK</subfield>
  </datafield>
  <datafield tag="952" ind1=" " ind2=" ">
    <subfield code="0">0</subfield>
    <subfield code="1">0</subfield>
    <subfield code="2">ddc</subfield>
    <subfield code="4">0</subfield>
    <subfield code="7">0</subfield>
    <subfield code="8">NFIC</subfield>
    <subfield code="a">IESE</subfield>
    <subfield code="b">IESE</subfield>
    <subfield code="c">GEN</subfield>
    <subfield code="d">2016-12-05</subfield>
    <subfield code="l">0</subfield>
    <subfield code="o">333.7 FIE</subfield>
    <subfield code="p">IESE-1555</subfield>
    <subfield code="r">2016-12-05</subfield>
    <subfield code="w">2016-12-05</subfield>
    <subfield code="y">BK</subfield>
  </datafield>
  <datafield tag="952" ind1=" " ind2=" ">
    <subfield code="0">0</subfield>
    <subfield code="1">0</subfield>
    <subfield code="2">ddc</subfield>
    <subfield code="4">0</subfield>
    <subfield code="7">0</subfield>
    <subfield code="8">NFIC</subfield>
    <subfield code="a">IESE</subfield>
    <subfield code="b">IESE</subfield>
    <subfield code="c">GEN</subfield>
    <subfield code="d">2016-12-05</subfield>
    <subfield code="l">0</subfield>
    <subfield code="o">333.7 FIE</subfield>
    <subfield code="p">IESE-1556</subfield>
    <subfield code="r">2016-12-05</subfield>
    <subfield code="w">2016-12-05</subfield>
    <subfield code="y">BK</subfield>
  </datafield>
  <datafield tag="952" ind1=" " ind2=" ">
    <subfield code="0">0</subfield>
    <subfield code="1">0</subfield>
    <subfield code="2">ddc</subfield>
    <subfield code="4">0</subfield>
    <subfield code="7">0</subfield>
    <subfield code="8">NFIC</subfield>
    <subfield code="a">IESE</subfield>
    <subfield code="b">IESE</subfield>
    <subfield code="c">GEN</subfield>
    <subfield code="d">2016-12-05</subfield>
    <subfield code="l">0</subfield>
    <subfield code="o">333.7 FIE</subfield>
    <subfield code="p">IESE-1557</subfield>
    <subfield code="r">2016-12-05</subfield>
    <subfield code="w">2016-12-05</subfield>
    <subfield code="y">BK</subfield>
  </datafield>
  <datafield tag="952" ind1=" " ind2=" ">
    <subfield code="0">0</subfield>
    <subfield code="1">0</subfield>
    <subfield code="2">ddc</subfield>
    <subfield code="4">0</subfield>
    <subfield code="7">0</subfield>
    <subfield code="8">NFIC</subfield>
    <subfield code="a">IESE</subfield>
    <subfield code="b">IESE</subfield>
    <subfield code="c">GEN</subfield>
    <subfield code="d">2016-12-05</subfield>
    <subfield code="l">0</subfield>
    <subfield code="o">333.7 FIE</subfield>
    <subfield code="p">IESE-1558</subfield>
    <subfield code="r">2016-12-05</subfield>
    <subfield code="w">2016-12-05</subfield>
    <subfield code="y">BK</subfield>
  </datafield>
  <datafield tag="952" ind1=" " ind2=" ">
    <subfield code="0">0</subfield>
    <subfield code="1">0</subfield>
    <subfield code="2">ddc</subfield>
    <subfield code="4">0</subfield>
    <subfield code="7">0</subfield>
    <subfield code="8">NFIC</subfield>
    <subfield code="a">IESE</subfield>
    <subfield code="b">IESE</subfield>
    <subfield code="c">GEN</subfield>
    <subfield code="d">2016-12-05</subfield>
    <subfield code="l">0</subfield>
    <subfield code="o">333.7 FIE</subfield>
    <subfield code="p">IESE-1559</subfield>
    <subfield code="r">2016-12-05</subfield>
    <subfield code="w">2016-12-05</subfield>
    <subfield code="y">BK</subfield>
  </datafield>
  <datafield tag="952" ind1=" " ind2=" ">
    <subfield code="0">0</subfield>
    <subfield code="1">0</subfield>
    <subfield code="2">ddc</subfield>
    <subfield code="4">0</subfield>
    <subfield code="7">0</subfield>
    <subfield code="8">NFIC</subfield>
    <subfield code="a">IESE</subfield>
    <subfield code="b">IESE</subfield>
    <subfield code="c">GEN</subfield>
    <subfield code="d">2016-12-05</subfield>
    <subfield code="l">0</subfield>
    <subfield code="o">333.7 FIE</subfield>
    <subfield code="p">IESE-1560</subfield>
    <subfield code="r">2016-12-05</subfield>
    <subfield code="w">2016-12-05</subfield>
    <subfield code="y">BK</subfield>
  </datafield>
  <datafield tag="952" ind1=" " ind2=" ">
    <subfield code="0">0</subfield>
    <subfield code="1">0</subfield>
    <subfield code="2">ddc</subfield>
    <subfield code="4">0</subfield>
    <subfield code="7">0</subfield>
    <subfield code="8">NFIC</subfield>
    <subfield code="a">IESE</subfield>
    <subfield code="b">IESE</subfield>
    <subfield code="c">GEN</subfield>
    <subfield code="d">2016-12-05</subfield>
    <subfield code="l">0</subfield>
    <subfield code="o">333.7 FIE</subfield>
    <subfield code="p">IESE-1561</subfield>
    <subfield code="r">2016-12-05</subfield>
    <subfield code="w">2016-12-05</subfield>
    <subfield code="y">BK</subfield>
  </datafield>
  <datafield tag="952" ind1=" " ind2=" ">
    <subfield code="0">0</subfield>
    <subfield code="1">0</subfield>
    <subfield code="2">ddc</subfield>
    <subfield code="4">0</subfield>
    <subfield code="7">0</subfield>
    <subfield code="8">NFIC</subfield>
    <subfield code="a">IESE</subfield>
    <subfield code="b">IESE</subfield>
    <subfield code="c">GEN</subfield>
    <subfield code="d">2016-12-05</subfield>
    <subfield code="l">0</subfield>
    <subfield code="o">333.7 FIE</subfield>
    <subfield code="p">IESE-1592</subfield>
    <subfield code="r">2016-12-05</subfield>
    <subfield code="w">2016-12-05</subfield>
    <subfield code="y">BK</subfield>
  </datafield>
</record>
